|
|
|
|
| LEADER |
00000nam0a2200000 4500 |
| 001 |
358169 |
| 005 |
20231102011051.0 |
| 035 |
|
|
|a (RuTPU)RU\TPU\retro\15437
|
| 090 |
|
|
|a 358169
|
| 100 |
|
|
|a 20200813d1981 km y0rusy50 ca
|
| 101 |
0 |
|
|a rus
|
| 102 |
|
|
|a RU
|
| 105 |
|
|
|a a z 001zy
|
| 200 |
1 |
|
|a Рациональное использование водных ресурсов бассейна Азовского моря
|e математические модели
|f под ред. И. И. Воровича
|
| 210 |
|
|
|a Москва
|c Наука
|d 1981
|
| 215 |
|
|
|a 359 с.
|
| 225 |
1 |
|
|a Теория и методы системного анализа
|
| 320 |
|
|
|a Библиогр.: с.340-355
|
| 320 |
|
|
|a Предм. указ.: с. 356-359
|
| 606 |
1 |
|
|a Моря
|x Геология
|2 stltpush
|3 (RuTPU)RU\TPU\subj\44482
|9 63801
|
| 606 |
1 |
|
|a Водные ресурсы
|x Использование
|x Экономическая эффективность
|2 stltpush
|3 (RuTPU)RU\TPU\subj\72452
|9 85963
|
| 610 |
1 |
|
|a Азовское море
|
| 610 |
1 |
|
|a математические модели
|
| 610 |
1 |
|
|a рациональное использование
|
| 610 |
1 |
|
|a имитационное моделирование
|
| 610 |
1 |
|
|a имитационные системы
|
| 610 |
1 |
|
|a экосистемы
|
| 675 |
|
|
|a 551.35
|v 4
|
| 675 |
|
|
|a 626.81
|v 4
|
| 702 |
|
1 |
|a Ворович
|b И. И.
|4 340
|
| 801 |
|
1 |
|a RU
|b 63413507
|c 20200813
|
| 801 |
|
2 |
|a RU
|b 63413507
|c 20210317
|g RCR
|
| 942 |
|
|
|c BK
|